MARC details
| 000 -LEADER |
| fixed length control field |
01854nam a2200205 a 4500 |
| 001 - CONTROL NUMBER |
| control field |
000340151 |
| 003 - CONTROL NUMBER IDENTIFIER |
| control field |
AM-YeHGA |
| 005 - DATE AND TIME OF LATEST TRANSACTION |
| control field |
20250618072125.0 |
| 008 - FIXED-LENGTH DATA ELEMENTS--GENERAL INFORMATION |
| fixed length control field |
040603s1912 tu ac r 000 0 arm d |
| 040 ## - CATALOGING SOURCE |
| Original cataloging agency |
AM-YeHGA |
| 041 0# - LANGUAGE CODE |
| Language code of text/sound track or separate title |
arm |
| 090 ## - LOCALLY ASSIGNED LC-TYPE CALL NUMBER (OCLC); LOCAL CALL NUMBER (RLIN) |
| -- |
130297 |
| 100 1# - MAIN ENTRY--PERSONAL NAME |
| Personal name |
Թերզյան, Հակոբ Հարությունի, |
| Dates associated with a name |
1879-1915 |
| 9 (RLIN) |
715 |
| 245 10 - TITLE STATEMENT |
| Title |
Կիլիկիոյ աղէտը : |
| Remainder of title |
[Պատկերազարդ] : Ականատեսի նկարագրութիւներ, վաւերաթուղթեր, պաշտօնական տեղեկագիրներ եւ թղթակցութիւններ, վիճակագրութիւններ եւ այլն. : Կարեւոր պատկերներով / |
| Statement of responsibility, etc. |
Յ.Յ. Թէրզեան. |
| 260 ## - PUBLICATION, DISTRIBUTION, ETC. |
| Place of publication, distribution, etc. |
Կ. Պոլիս : |
| Name of publisher, distributor, etc. |
տպ. Յ. Ասատուրեան եւ որդիք, |
| Date of publication, distribution, etc. |
1912. |
| 300 ## - PHYSICAL DESCRIPTION |
| Extent |
Հ. ; |
| Dimensions |
19 սմ. |
| 505 00 - FORMATTED CONTENTS NOTE |
| Miscellaneous information |
Հ. 1 ( 1912, 160 էջ, դիմանկ., նկ.) |
| -- |
Հ. 2 (1912, [161-336] էջ) : |
| Title |
Ատանայի եւ Հալէպի նահանգներուն մէջ տեղի ունեցած ջարդերն ու ինքնապաշտապանութ. եւ փոխանակուած հեռագիրներէն կարեւորներուն պատճէնները |
| Miscellaneous information |
Հ. 3 (1912, [337-496] էջ : |
| Title |
Աղէտէն ետքը հայոց մասին կատարուած անարդար հետապնդում, ձերբակալութիւն, հարցաքննութիւն, դատավարութիւն |
| Miscellaneous information |
Հ. 4 (1912, [497-688] էջ : |
| Title |
Կիլիկիոյ աղէտը հայ-ազգային, օսմանեան, ֆրանսական եւ անգլիական երեսփ. ժողովներուն առջեւ |
| Miscellaneous information |
Հ. 5 (Ա. թ., [689-860] էջ : |
| Title |
Օսմ. կառաւարութեան քննիչ յանձնաժողովի, պատերազմական ատեանի պաշտօնական տեղեկագիրները ... |
| 650 14 - SUBJECT ADDED ENTRY--TOPICAL TERM |
| Topical term or geographic name entry element |
Հայոց պատմություն |
| Geographic subdivision |
Կիլիկիա |
| 651 #4 - SUBJECT ADDED ENTRY--GEOGRAPHIC NAME |
| Geographic name |
Կիլիկիա |
| 9 (RLIN) |
4662 |